Central Library OPAC University of Rajshahi

Literary history of the United States / (Record no. 18567)

MARC details
000 -LEADER
fixed length control field 00955cam a2200277 4500
001 - CONTROL NUMBER
control field 18567
003 - CONTROL NUMBER IDENTIFIER
rucl marc code BD-RjUL
005 - DATE AND TIME OF LATEST TRANSACTION
control field 20211209000314.0
008 - FIXED-LENGTH DATA ELEMENTS--GENERAL INFORMATION
fixed length control field 140220m19631972ii b 001 0deng
035 ## - SYSTEM CONTROL NUMBER
System control number (BD-RjUL)18625
040 ## - CATALOGING SOURCE
Original cataloging agency DLC
Transcribing agency DLC
Modifying agency DLC
Language of cataloging eng
041 ## - LANGUAGE CODE
Language code of text/sound track or separate title eng
082 00 - DEWEY DECIMAL CLASSIFICATION NUMBER
Classification number 810.9
Author mark and year LIT 1972
245 00 - TITLE STATEMENT
Title Literary history of the United States /
Statement of responsibility, etc. Editors: Robert E. Spiller [and others]
250 ## - EDITION STATEMENT
Edition statement 3d ed., rev.
260 ## - PUBLICATION, DISTRIBUTION, ETC. (IMPRINT)
Place of publication, distribution, etc. New Delhi :
Name of publisher, distributor, etc. Amerind,
Date of publication, distribution, etc. c1963 [Reprint 1972].
300 ## - PHYSICAL DESCRIPTION
Pagination xvi, 1511 p. ;
Size 24 cm.
504 ## - BIBLIOGRAPHY, ETC. NOTE
Bibliography, etc Bibliography: v. 1, p. 1446-1481 & Includes Index.
505 0# - FORMATTED CONTENTS NOTE
Formatted contents note [1] History.--[2] Bibliography. Bibliography supplement.--[3] Bibliography supplement II.
650 #0 - SUBJECT ADDED ENTRY--TOPICAL TERM
Topical term or geographic name as entry element American literature
General subdivision History and criticism.
9 (RLIN) 57199
Topical term or geographic name as entry element American literature
General subdivision Bibliography.
9 (RLIN) 55363
700 1# - ADDED ENTRY--PERSONAL NAME
Personal name Spiller, Robert Ernest,
Dates associated with a name 1896-
Relator term ed.
942 ## - ADDED ENTRY ELEMENTS (KOHA)
Source of classification or shelving scheme Dewey Decimal Classification
Koha item type Books
Holdings
Lost status Source of classification or shelving scheme Damaged status Not for loan Collection code Permanent Location Current Location Shelving location Date acquired Source of acquisition Cost, normal purchase price Total Checkouts Full call number Date last seen Copy number Koha item type
  Dewey Decimal Classification     Non-fiction Central Library, University of Rajshahi Central Library, University of Rajshahi   09/07/1976 U.S.I.S Gift 0.00   810.9 LIT 1972 20/02/2014 C-5 Books